Historia de la epidemia de fiebre amarilla que reinó en Alicante el año de 1870 / (Record no. 151052)

MARC details
000 -LEADER
campo de control de longitud fija 00854nam a2200205 i 4500
001 - NÚMERO DE CONTROL
campo de control 151052
003 - IDENTIFICADOR DE NÚMERO DE CONTROL
campo de control ES-MaACL
005 - FECHA Y HORA DE LA ÚLTIMA TRANSACCIÓN
campo de control 20250719063316.0
007 - CAMPO FIJO DE DESCRIPCIÓN FÍSICA--INFORMACIÓN GENERAL
campo de control de longitud fija t|
008 - DATOS DE LONGITUD FIJA--INFORMACIÓN GENERAL
campo de control de longitud fija 071203s1871 sp |||| | spa d
100 1# - ENTRADA PRINCIPAL--NOMBRE DE PERSONA
Nombre de persona Bergez y Dufoo, Ildefonso,
Fechas asociadas al nombre 1810-1870
Término indicativo de función/relación Autor
9 (RLIN) 27986
245 10 - MENCIÓN DEL TÍTULO
Título Historia de la epidemia de fiebre amarilla que reinó en Alicante el año de 1870 /
Mención de responsabilidad, etc. por Ildefonso Bergez y Dufoo
260 ## - PUBLICACIÓN, DISTRIBUCIÓN, ETC.
Lugar de publicación, distribución, etc. Alicante :
Nombre del editor, distribuidor, etc. [s.n.],
Fecha de publicación, distribución, etc. 1871
Fabricante (Imp. de la Viuda de J.J. Carratalá)
300 ## - DESCRIPCIÓN FÍSICA
Extensión 44 páginas ;
Dimensiones 19 cm.
650 #4 - PUNTO DE ACCESO ADICIONAL DE MATERIA--TÉRMINO DE MATERIA
Término de materia o nombre geográfico como elemento de entrada Fiebre amarilla-
Subdivisión geográfica Alicante.
9 (RLIN) 166275
852 ## - LOCALIZACIÓN
Ubicación ES-MaACL
Ubicación en estantería Depósito folletos
Anotaciones manuscritas Dedic. ms. del autor a Manuel Álvarez
-- Dedic. ms. de R. Álvarez Sereix al Ateneo de Madrid
Donativo/Legado Donativo de Rafael Álvarez Sereix
Número de control de estantería T-368-F-3
942 ## - ELEMENTOS DE ENTRADA SECUNDARIOS (KOHA)
Fuente del sistema de clasificación o colocación Clasificación decimal universal
Tipo de ítem Koha Folleto
Suprimir en OPAC No
Holdings
Estatus retirado Estado de pérdida Fuente del sistema de clasificación o colocación Estado de daño No para préstamo Colección Biblioteca de origen Biblioteca actual Ubicación en estantería Fecha de adquisición Fuente de adquisición Total de préstamos Signatura topográfica completa Código de barras Visto por última vez Tipo de ítem Koha Nota pública
    Clasificación decimal universal     Colección de folletos Biblioteca del Ateneo de Madrid Biblioteca del Ateneo de Madrid Depósito folletos 17/01/2008 Donación   T-368-F-3 1157618 23/02/2023 Folleto Dedicatoria autógrafa de Rafael Álvarez Sereix